| 000 | 00383nam a2200133Ia 4500 | ||
|---|---|---|---|
| 005 | 20260326235459.0 | ||
| 008 | 260326s9999||||xx |||||||||||||| ||und|| | ||
| 100 | _aKidney, Walter C. | ||
| 245 | 4 |
_aThe Architecture of Choice : _b Eclecticism in America, 1880-1930 / _cWalter C. Kidney |
|
| 260 | _bGeorge Brazilier | ||
| 300 | _a178 p. | ||
| 650 | _aARQUITECTURA REGIONAL | ||
| 942 | _cBK | ||
| 999 |
_c8033 _d8033 |
||